Normal view
MARC view
- القانون التجاري
Entry Topical Term
001 - CONTROL NUMBER
- control field: 44858
003 - CONTROL NUMBER IDENTIFIER
- control field: JO-AjAnu
005 - DATE AND TIME OF LATEST TRANSACTION
- control field: 20230606081426.0
008 - FIXED-LENGTH DATA ELEMENTS
- fixed length control field: 230606|| aca||aabn | a|a d
040 ## - CATALOGING SOURCE
- Original cataloging agency: JO-AjAnu
- Transcribing agency: JO-AjAnu
150 ## - HEADING--TOPICAL TERM
- Topical term or geographic name entry element: القانون التجاري
670 ## - SOURCE DATA FOUND
- Source citation: Work cat.: (JO-AjAnu)22969: الشرقاوي، محمود سعيد , author 44857, القانون التجاري: النظرية العامة للمشروع - المشروع الخاص - المشروع العام - الأموال التجارية للمشروع، الجزء الاول